[Event "GER-ch40 V04 email"]
[Site "GER email"]
[Date "2008.04.28"]
[Round "?"]
[White "Blask, Gerhard"]
[Black "Looschelders, Willi"]
[Result "0-1"]
[WhiteElo "2153"]
[BlackElo "2249"]
[PlyCount "80"]
[EventDate "2008.??.??"]
[EventType "tourn (corr)"]
[EventRounds "10"]
[EventCountry "GER"]
[SourceTitle "Corr 2011"]
[Source "ChessBase"]
[SourceDate "2010.08.31"]
[SourceVersion "1"]
[SourceVersionDate "2010.08.31"]
[SourceQuality "1"]

1. Nc3 c5 2. Nf3 Nc6 3. d4 cxd4 4. Nxd4 Nf6 5. e4 e5 6. Ndb5 d6 7. Nd5 Nxd5 8. exd5 Nb8 9. c4 Be7 10. Be2 0-0 11. 0-0 a6 12. Nc3 f5 13. f4 Bf6 14. Be3 Nd7 15. Qd2 b6 16. fxe5 Nxe5 17. a4 Rb8 18. b3 Bd7 19. Rae1 Qe7 20. Na2 a5 21. Nc3 h6 22. Bd1 Bh4 23. g3 Bg5 24. Ne2 Bxe3+ 25. Qxe3 Rbe8 26. Nf4 Qd8 27. Qd2 g5 28. Nd3 Nxd3 29. Qxd3 Rxe1 30. Rxe1 Re8 31. Re2 Rxe2 32. Bxe2 Qe7 33. Kf2 Qe5 34. Qe3 Qxe3+ 35. Kxe3 Kg7 36. Kd4 Kf6 37. Bd1 Be8 38. Be2 h5 39. Bd1 Bg6 40. Ke3 Ke5 0-1

[Event "GER-ch40 V04 email"]
[Site "GER email"]
[Date "2008.04.28"]
[Round "?"]
[White "Priebe, Ralf"]
[Black "Blask, Gerhard"]
[Result "1/2-1/2"]
[WhiteElo "2084"]
[BlackElo "2153"]
[PlyCount "64"]
[EventDate "2008.??.??"]
[EventType "tourn (corr)"]
[EventRounds "10"]
[EventCountry "GER"]
[SourceTitle "Corr 2011"]
[Source "ChessBase"]
[SourceDate "2010.08.31"]
[SourceVersion "1"]
[SourceVersionDate "2010.08.31"]
[SourceQuality "1"]

1. e4 e6 2. d4 d5 3. Nc3 Bb4 4. e5 c5 5. a3 Bxc3+ 6. bxc3 Ne7 7. Qg4 cxd4 8. Qxg7 Rg8 9. Qxh7 Qc7 10. Ne2 Nbc6 11. f4 dxc3 12. Qd3 Bd7 13. Nxc3 Nf5 14. Nb5 Qb8 15. Rb1 a6 16. Nd6+ Nxd6 17. exd6 Qxd6 18. Rxb7 Ne7 19. g3 Bc6 20. Rb4 Nf5 21. Bh3 a5 22. Rb1 d4 23. Rf1 Rh8 24. Bxf5 exf5 25. Rf2 Kf8 26. a4 Re8+ 27. Kd2 Kg7 28. Ba3 Qd5 29. Bb2 Rb8 30. Kc1 Rhd8 31. Rd2 Qh1+ 32. Rd1 Qxh2 1/2-1/2